| 000 | 00997nam a22002537a 4500 | ||
|---|---|---|---|
| 005 | 20240910114435.0 | ||
| 010 | _aENG-141707 | ||
| 020 | _c110.00 | ||
| 035 | _aEN-125239 | ||
| 037 | _bDBAD | ||
| 082 | _a954.040924 | ||
| 100 |
_aAmbedkar, B.R. _971376 |
||
| 245 |
_aDr. BABASAHEB AMBEDKAR WRITINGS AND SPEECHES/ _cBy B.R.Ambedkar; Comp.by Vasant moon; Edited by Hari Narake |
||
| 250 | _a2 | ||
| 260 |
_aMumbai _bMember of Secretary, Dr. Ambedkar, Mahatma Phile, Rajarshi Shahu Source Material Publication Commitee, Government of Maharastra _c2005 |
||
| 270 |
_aBarrack No. 18, Opp Mantralaya _bMumbai _e400021 |
||
| 300 |
_a803p.: _b25cm(hb) |
||
| 490 | _vVol 2 | ||
| 500 | _aVol-2,Dr.Ambedkar in Bombay Legislative,Dr. Ambedkar with Simon Commission,Dr. Ambedkar at the Round Table Confernce. | ||
| 505 | _aBibliography,Index | ||
| 700 |
_aVasant Moon _eCompiled _971374 |
||
| 700 |
_aHari Narake _eEditor _971375 |
||
| 942 |
_2ddc _cEN _mBAB _h954.040924 |
||
| 999 |
_c205742 _d205742 |
||